000 00326nam a22001337a 4500
008 181031b xxu||||| |||| 00| 0 eng d
020 _a0071410384
041 _aeng
080 _a330.322
100 _a51
101 _aINV
245 _aEdgar: The Investor's Guide to Making Better Investments
_cWalden,G
942 _2udc
_cBK
999 _c51284
_d51284